Detalles MARC
| 000 -CABECERA |
| campo de control de longitud fija |
03021nam a2200301 a 4500 |
| 001 - NÚMERO DE CONTROL |
| campo de control |
000020454 |
| 003 - IDENTIFICADOR DEL NÚMERO DE CONTROL |
| campo de control |
DO-SdBNP |
| 005 - FECHA Y HORA DE LA ÚLTIMA TRANSACCIÓN |
| campo de control |
20250306095650.0 |
| 007 - CAMPO FIJO DE DESCRIPCIÓN FÍSICA--INFORMACIÓN GENERAL |
| campo de control de longitud fija |
ta |
| 008 - DATOS DE LONGITUD FIJA--INFORMACIÓN GENERAL |
| campo de control de longitud fija |
150526s2016 dr 000 0 spa d |
| 020 ## - NÚMERO INTERNACIONAL ESTÁNDAR DEL LIBRO |
| Número Internacional Estándar del Libro |
9789945902358 |
| 040 ## - FUENTE DE LA CATALOGACIÓN |
| Centro catalogador/agencia de origen |
DO-SdBNP |
| Lengua de catalogación |
spa |
| Centro/agencia transcriptor |
BNPHU |
| Normas de descripción |
rda |
| 082 #4 - NÚMERO DE LA CLASIFICACIÓN DECIMAL DEWEY |
| Número de edición |
22 |
| Número de clasificación |
xxx |
| Número de documento/Ítem |
xxx |
| 111 2# - ENTRADA PRINCIPAL--NOMBRE DE CONGRESO/REUNIÓN |
| Nombre de congreso/reunión o jurisdicción como elemento de entrada |
Premio Internacional Pedro Henríquez Ureña |
| Fecha del congreso/reunión |
(2016: |
| Sede del congreso/Lugar de la reunión |
Santo Domingo ) |
| 9 (RLIN) |
43125 |
| 245 00 - MENCIÓN DE TÍTULO |
| Título |
Memoria : |
| Resto del título |
Premio Internacional Pedro Henríquez Ureña 2015 otorgado al poeta nicaragüense Ernesto Cardenal y al escritor uruguayo Eduardo Galeando / |
| Mención de responsabilidad, etc. |
compilador, editor, Luis O. Brea Franco ; prólogo, Luis O. Brea Franco. |
| 264 #1 - PRODUCCIÓN, PUBLICACIÓN, DISTRIBUCIÓN, FABRICACIÓN Y COPYRIGHT |
| Producción, publicación, distribución, fabricación y copyright |
Santo Domingo : |
| Nombre del de productor, editor, distribuidor, fabricante |
Ministerio de Cultura, |
| Fecha de producción, publicación, distribución, fabricación o copyright |
2016. |
| 300 ## - DESCRIPCIÓN FÍSICA |
| Extensión |
135 páginas : |
| Otras características físicas |
ilustraciones, retratos ; |
| Dimensiones |
23 cm. |
| 336 ## - TIPO DE CONTENIDO |
| Término de tipo de contenido |
texto |
| Código de tipo de contenido |
txt |
| Fuente |
rdacontent |
| 337 ## - TIPO DE MEDIO |
| Nombre/término del tipo de medio |
sin mediación |
| Código del tipo de medio |
n |
| Fuente |
rdamedia |
| 338 ## - TIPO DE SOPORTE |
| Nombre/término del tipo de soporte |
volumen |
| Código del tipo de soporte |
nc |
| Fuente |
rdacarrier |
| 500 ## - NOTA GENERAL |
| Nota general |
Incluye referencias bibliográficas y notas al pie de las páginas. |
| 504 ## - NOTA DE BIBLIOGRAFÍA, ETC. |
| Nota de bibliografía, etc. |
Bibliografía : páginas 133 |
| 505 0# - NOTA DE CONTENIDO CON FORMATO |
| Nota de contenido con formato |
Premio Internacional Pedro Henríquez Ureña -- |
| Título |
Prólogo -- |
| -- |
Presentación de Beatriz Sarlo galardonada Con el premio Pedro Henríquez Ureña 2015 Por el señor Ministro de Cultura José Antonio Rodríguez Duvergé -- |
| -- |
Dictamen Premio Internacional Pedro Henríquez Ureña que se otorga al esayista argentino Beatriz Sarlo -- |
| -- |
Lección Magistral de la Galardonada Beatriz Sarlo -- |
| -- |
Coloquio Beatriz Sarlo y las nuevas constelaciones de la crítica en nuestra America, sección uno -- |
| -- |
Testimonio por la Doctora Sylvia Molly -- |
| -- |
Beatriz Sarlo : una lectora en el mundo |
| -- |
Coloquio "Pedro Henríquez Ureña Pedro y el pensamiento crítico en Nuestra América, sección dos |
| 505 0# - NOTA DE CONTENIDO CON FORMATO |
| Nota de contenido con formato |
Pedro Henríquez Ureña y la biblioteca americana: asomo a un proyecto editorial |
| Mención de responsabilidad |
Liliana Weinberg -- |
| Título |
Cosmopolitismo, latinoamericanismo y humanismo : notas sobre Pedro Henríquez Ureña a propósito/ |
| Mención de responsabilidad |
Ignacio R. Sánchez Prado -- |
| Título |
Entre la convicción y la duda : El pensamiento crítico en torno a Pedro Henríque Ureña / |
| Mención de responsabilidad |
Dr. Juan R. Valdez |
| Título |
Presentación de los catorce tomos de las Obras de Pedro Henríquez Ureña compiladas por Miguel D. Mena y el libro "Seis ensayos en busca de Pedro Henríquez Ureña" de la Dra. Liliana Weinberg. |
| -- |
Sección tres : |
| -- |
Presentación por parte del honorable señor ministro de cultura de la República Dominicana José Antonio Rodríguez Duvergé de las obras completas de Pedro Henríquez Ureña -- |
| -- |
Hacia las obras completas de Pedro Henríquez Ureña por el compilador de la colección / |
| Mención de responsabilidad |
Miguel D. Mena -- |
| Título |
Presentación del libro Seis ensayos en busca de Pedro Henríquez Ureña de la Dra. Liliana Weinberg / |
| Mención de responsabilidad |
Brea Franco, Luis O. -- |
| Título |
Presentación en la Feria del Libro Dominicano en New York : Seis Ensayos en busca de Pedro Henríquez Ureña de la Dra. Liliana Weinberg/ |
| Mención de responsabilidad |
Juan R. Valdez -- |
| Título |
Apéndice. |
| 586 ## - NOTA DE PREMIOS |
| Nota de premios |
Premio Internacional Pedro Henríquez Ureña, 2015 |
| 700 1# - PUNTO DE ACCESO ADICIONAL--NOMBRE DE PERSONA |
| Nombre de persona |
Brea Franco, Luis O., |
| Término indicativo de función/relación |
compilador |
| Código de función/relación |
comp. |
| 9 (RLIN) |
7125 |
| 942 ## - ELEMENTOS DE PUNTO DE ACCESO ADICIONAL (KOHA) |
| Fuente del sistema de clasificación o colocación |
Dewey Decimal Classification |
| Tipo de ítem Koha |
Libro |